书目信息 |
| 题名: |
西路军女战士蒙难记
|
|
| 作者: | 董汉河 著 | |
| 分册: | ||
| 出版信息: | 北京 解放军文艺出版社 2001 |
|
| 页数: | 244页 | |
| 开本: | 20cm | |
| 丛书名: | ||
| 单 册: | ||
| 中图分类: | I253.2 , I25 | |
| 科图分类: | ||
| 主题词: | 报告文学--中国--现代 , 报告文学 | |
| 电子资源: | ||
| ISBN: | 7-5033-0077-9 | |
| 000 | 00957nam0 2200265 450 | |
| 001 | 1552738903 | |
| 005 | 20150122143916.14 | |
| 010 | @a7-5033-0077-9@dCNY16.00 | |
| 100 | @a20010903d2001 em y0chiy0110 ea | |
| 101 | 0 | @achi |
| 102 | @aCN@b110000 | |
| 105 | @aa z 000zd | |
| 200 | 1 | @a西路军女战士蒙难记@9xi lu jun nv zhan shi meng nan ji@f董汉河著 |
| 210 | @a北京@c解放军文艺出版社@d2001 | |
| 215 | @a244页@c照片@d20cm | |
| 330 | @a一九三六年十月,中国工农红军的西路军两万一千余人在河西走廊惨遭失败,近两千名红军女战士落入西北军阀之手,受尽摧残,并长期蒙受不白之冤。本书通过几十名已近垂暮的女红军之口,向人们讲述了她们悲壮的生命历程,和他们在半个多世纪中噩梦般的生活道路。 | |
| 601 | 0 | @a红四方面军@j史料 |
| 601 | 0 | @2CT@3S031930@a红四方面军 |
| 606 | 0 | @a报告文学@y中国@z现代 |
| 606 | 0 | @a报告文学 |
| 690 | @aI253.2@v5 | |
| 690 | @aI25@v4 | |
| 701 | 0 | @a董汉河@9dong han he@4著 |
| 801 | 0 | @aCN@bTSSF@c20150122 |
| 905 | @aZUCC@dI25@eJY129 | |
| 西路军女战士蒙难记/董汉河著.-北京:解放军文艺出版社,2001 |
| 244页:照片;20cm |
| ISBN 7-5033-0077-9:CNY16.00 |
| 一九三六年十月,中国工农红军的西路军两万一千余人在河西走廊惨遭失败,近两千名红军女战士落入西北军阀之手,受尽摧残,并长期蒙受不白之冤。本书通过几十名已近垂暮的女红军之口,向人们讲述了她们悲壮的生命历程,和他们在半个多世纪中噩梦般的生活道路。 |
| ● |
| 相关链接 |
|
|
|
|
正题名:西路军女战士蒙难记
索取号:I25/JY129
 
预约/预借
| 序号 | 登录号 | 条形码 | 馆藏地/架位号 | 状态 | 备注 |
| 1 | 7855719 | 278557198 | 学院路分馆/ [索取号:I25/JY129] | 在馆 |